书目信息 |
| 题名: |
政治导学
|
|
| 作者: | 单爱珍 主编 | |
| 分册: | ||
| 出版信息: | 上海 上海交通大学出版社 1999.09 |
|
| 页数: | 408页 | |
| 开本: | 32开 | |
| 丛书名: | ||
| 单 册: | ||
| 中图分类: | DO | |
| 科图分类: | ||
| 主题词: | 政治 | |
| 电子资源: | ||
| ISBN: | 7-313-01883-5 | |
| 000 | 00529nam0 2200193 45 | |
| 001 | 0010251939 | |
| 005 | 20001025195236.6 | |
| 010 | @a7-313-01883-5@d17.00元 | |
| 100 | @a20001025d1999 km y0chiy0120 ea | |
| 101 | 0 | @achi |
| 105 | @a z 000yy | |
| 200 | 1 | @a政治导学@AZheng Zhi Dao Xue@f单爱珍主编@FDan Ai Zhen Zhu Bian |
| 210 | @a上海@c上海交通大学出版社@d1999.09 | |
| 215 | @a408页@d32开 | |
| 606 | 0 | @a政治 |
| 690 | @aDO@v3 | |
| 701 | 0 | @a单爱珍@4主编 |
| 801 | @aCN@bPftUser@c20001025 | |
| 905 | @b189757-761@dDO@eSH958=2@f5 | |
| 政治导学/单爱珍主编.-上海:上海交通大学出版社,1999.09 |
| 408页;32开 |
| ISBN 7-313-01883-5:17.00元 |
| ● |
| 相关链接 |
|
|
|
正题名:政治导学
索取号:DO/SH958=2
 
预约/预借
| 序号 | 登录号 | 条形码 | 馆藏地/架位号 | 状态 | 备注 |
| 1 | 189757 | 201897572 | 社科库509/422社科库 42排1列5层/ [索取号:DO/SH958=2] | 在馆 | |
| 2 | 189758 | 201897581 | 社科库509/509社科库 67排1列2层/ [索取号:DO/SH958=2] | 在馆 | |
| 3 | 189759 | 201897590 | 社科库509/509社科库 67排1列2层/ [索取号:DO/SH958=2] | 在馆 | |
| 4 | 189760 | 201897607 | 社科库509/422社科库 42排1列5层/ [索取号:DO/SH958=2] | 在馆 | |
| 5 | 189761 | 201897616 | 社科库509/422社科库 42排1列5层/ [索取号:DO/SH958=2] | 在馆 |